| 000 | 00468nam a2200169 4500 | ||
|---|---|---|---|
| 001 | 127092 | ||
| 003 | ES-MaACL | ||
| 005 | 20230906192936.0 | ||
| 007 | t| | ||
| 008 | 070214s1926 fr r ||||1| spa d | ||
| 100 | 1 |
_aReyes, Alfonso, _d1889-1959 _996554 |
|
| 245 | 1 | 0 |
_aPausa _b: poesías / _cAlfonso Reyes. |
| 260 |
_aParis : _b[s.n.], _c1926 ( _fSoc. Génér. d'Imp. et d'Edit.) |
||
| 300 |
_a80 p. ; _c24 cm. |
||
| 852 |
_aES-MaACL _jB-530 |
||
| 999 |
_c127092 _d127092 |
||